01292cam a2200313 4500001002300000003000700023005001700030007000700047008004100054035002100095856009600116856010000212010001700312040002600329042000900355043001200364050001400376082001300390100002100403245005300424260003800477300004100515520012700556504002600683651008200709651006100791952010900852999001700961colonialsouthcar00burnCaSfIA20230525155209.0cr||||700525s1970 njuabc j b 001 0 eng  9(DLC) 7310473241uhttp://www.archive.org/details/colonialsouthcar00burnzFree eBook from the Internet Archive42uhttp://www.openlibrary.org/books/OL5444655MzAdditional information and access via Open Library a 73104732  aDLCcDLCdDLCdCaSfIA alcac an-us-sc00aF272b.B800a975.7/021 aBurney, Eugenia.10aColonial South Carolina.h[electronic resource]  a[Camden, N.J.]bT. Nelsonc[1970] a176 p.billus., maps, ports.c22 cm. aTraces the history of South Carolina from the arrival of the white man through the colony's role in the Revolutionary War. aBibliography: p. 166. 0aSouth CarolinaxHistoryyColonial period, ca. 1600-1775xJuvenile literature. 1aSouth CarolinaxHistoryyColonial period, ca. 1600-1775. 001040708Project GutenbergaCSPCbCSPCd2023-05-25l0oF272 .B8r2023-05-25 00:00:00w2023-05-25yEBK c23448d23448